RELIGION E IMPERIO: DINAMICA DEL EXPANSIONISMO AZTECA E INCA/

TRADUCCION DE: RELIGION AND EMPIRE- THE DYNAMICS OF AZTEC AND INCA EXPANSIONISM

Na minha lista:
Detalhes bibliográficos
Autor principal: Conrad, Geoffrey W. (autor)
Outros Autores: Demarest, Arthur A. (autor) (autor)
Formato: Livro
Assuntos:
Tags: Adicionar Tag
Sem tags, seja o primeiro a adicionar uma tag!

MARC

LEADER 00000nam^a2200000^a^4500
001 000224215
005 20250521000000.0
009 20260310104041.275
020 |a 968-6354-84-0 
035 |a 043044 
037 |a Acervo Xavier Clavigero 
082 |a 972. 018  |b CON 
100 |a Conrad, Geoffrey W.  |e (autor) 
245 1 0 |a RELIGION E IMPERIO:  |b DINAMICA DEL EXPANSIONISMO AZTECA E INCA/  |c GEOFFREY W. CONRAD, ARTHUR A. DEMAREST; TR. MIGUEL RIVERA DORADO 
264 |a México :  |b Alianza :  |b CONACULTA,  |c 1984 
300 |a 308p. 
336 |a texto  |b txt  |2 rdacontenido 
337 |a sin mediación  |b n  |2 rdamedio 
338 |a volumen  |b nc  |2 rdasoporte 
520 |a TRADUCCION DE: RELIGION AND EMPIRE- THE DYNAMICS OF AZTEC AND INCA EXPANSIONISM 
520 |a BIBLIOGRAFIA: (P. 275-308) 
649 |a XX 
650 |a Aztecas -  |x Historia 
650 |a Incas -  |x Condiciones Sociales y Culturales 
700 |a Demarest, Arthur A.  |e (autor) 
910 |a Fondo General 
920 |a Impresos - Libros 
930 |a Colección General 
905 |a 101 
901 |a 043044  |b IT1  |c ACC  |i 043044  |u 20250521 
902 |a https://opac.biblio.iteso.mx/vufind/Record/000224215